Online Catalogue and eLibrary

Indira Gandhi mage sathyaya (Record no. 5369)

MARC details
000 -LEADER
fixed length control field 00425nam a2200169Ia 4500
005 - DATE AND TIME OF LATEST TRANSACTION
control field 20250321021144.0
008 - FIXED-LENGTH DATA ELEMENTS--GENERAL INFORMATION
fixed length control field 240331s9999 xx 000 0 und d
020 ## - INTERNATIONAL STANDARD BOOK NUMBER
ISBN 9552071844
082 ## - DDC Classification
Item Number - Author Mark ALA
Class No. 891
100 ## - MAIN ENTRY--PERSONAL NAME
Personal name Alahakoon,U
245 #0 - TITLE STATEMENT
Title Indira Gandhi mage sathyaya
250 ## - EDITION STATEMENT
Edition statement 3rd
260 ## - PUBLICATION, DISTRIBUTION, ETC.
Place of publication, distribution, etc. Colombo
Name of publisher, distributor, etc. Godake And sons
Date of publication, distribution, etc. 2004
300 ## - PHYSICAL DESCRIPTION
Extent (e.g. Volumes, Pages etc.) 184 p .,
500 ## - GENERAL NOTE
General note Milestones in the Life of Indra Gandhi
942 ## - Koha item type (Biblio)
Koha item type Books in Stacks (Lending)
Holdings
Lost status Damaged status Collection code Home library Current library Shelving location Date acquired Full call number Accession Number Item type
    Lending WERC Library WERC Library Social Science Cupboard 03/31/2024 891.48 ALA 6341 Books in Stacks (Lending)

© WERC Library